Налоги и налогообложение: учебное пособие

Bibliographic Details
Main Author: Тарасова В. Ф.
Other Authors: Семыкина Л. Н., Сапрыкина Т. В.
Summary:Представлена существующая в Российской Федерации система налогообложения, изложен порядок расчетов основных видов налогов и платежей в соответствии с Налоговым кодексом Российской Федерации, перечислены основные права и обязанности налогоплательщиков и налоговых органов, рассмотрены вопросы ведения налогового учета и его взаимосвязь с бухгалтерским учетом. Для студентов, аспирантов и преподавателей экономических факультетов и вузов, бухгалтеров, экономистов, менеджеров, а также для всех, кто интересуется вопросами налогообложения.
Language:Russian
Published: Москва, КноРус, 2007
Edition:3-е изд., перераб.
Subjects:
Format: Book
KOHA link:https://koha.lib.tpu.ru/cgi-bin/koha/opac-detail.pl?biblionumber=120040

MARC

LEADER 00000nam0a2200000 4500
001 120040
005 20231101215559.0
010 |a 5859714912 
035 |a (RuTPU)RU\TPU\book\129962 
090 |a 120040 
100 |a 20070816d2007 m y0rusy50 ca 
101 0 |a rus 
102 |a RU 
105 |a y j 001zy 
200 1 |a Налоги и налогообложение  |e учебное пособие  |f В. Ф. Тарасова, Л. Н. Семыкина, Т. В. Сапрыкина 
205 |a 3-е изд., перераб. 
210 |a Москва  |c КноРус  |d 2007 
215 |a 320 с. 
320 |a Словарь терминов: с. 303-312. 
320 |a Литература: с. 318-320. 
330 |a Представлена существующая в Российской Федерации система налогообложения, изложен порядок расчетов основных видов налогов и платежей в соответствии с Налоговым кодексом Российской Федерации, перечислены основные права и обязанности налогоплательщиков и налоговых органов, рассмотрены вопросы ведения налогового учета и его взаимосвязь с бухгалтерским учетом. Для студентов, аспирантов и преподавателей экономических факультетов и вузов, бухгалтеров, экономистов, менеджеров, а также для всех, кто интересуется вопросами налогообложения. 
606 1 |a Налоги  |2 stltpush  |3 (RuTPU)RU\TPU\subj\36467  |9 57834 
610 1 |a экономика 
610 1 |a финансы 
610 1 |a налоги 
610 1 |a налогообложение 
610 1 |a налоговая система 
610 1 |a налоговая политика 
610 1 |a налог на прибыль 
610 1 |a платежи 
610 1 |a сборы 
610 1 |a налог на добавленную стоимость 
610 1 |a акцизы 
610 1 |a налог на игорный бизнес 
610 1 |a налог на доходы физических лиц 
610 1 |a транспортный налог 
610 1 |a единый социальный налог 
610 1 |a налоговые режимы 
610 1 |a специальные налоговые режимы 
610 1 |a таможенные пошлины 
610 1 |a налоговые органы 
610 1 |a налоговый контроль 
610 1 |a налоговый учет 
610 1 |a учебные пособия 
686 |a У9(2)261.4  |v LBC/SL-A  |2 rubbk 
700 1 |a Тарасова  |b В. Ф. 
701 1 |a Семыкина  |b Л. Н. 
701 1 |a Сапрыкина  |b Т. В. 
801 1 |a RU  |b 63413507  |c 20070816  |g PSBO 
801 2 |a RU  |b 63413507  |c 20210421  |g PSBO 
900 |a Налоги и налогообложение 
900 |a Налоговая политика 
900 |a Налоговая система 
942 |c BK 
951 |b 080105 
959 |a 48/20070816  |d 3  |e 100,00  |f АНЛ:2  |f ЧЗГЛ:1